| 000 | 00438cam a22001451 4500 | ||
|---|---|---|---|
| 082 |
_a923.173 _bCHA |
||
| 100 | 1 |
_aCharnwood, Godfrey Rathbone Benson, _950156 |
|
| 245 | 0 | 0 | _aAbraham Lincoln |
| 260 |
_a[s.l.] _bIndependent Press _c[1924? c1917] |
||
| 300 |
_avi, 482 p. _bport., fold. map. _c22 cm. |
||
| 500 | _a"Bibliographical note": p. 457-460. | ||
| 526 |
_a0 _b0 _c0 _d923_173000000000000_CHA |
||
| 650 |
_aMCE _9379 |
||
| 942 |
_2ddc _cBK |
||
| 999 |
_c553404 _d553404 |
||